<?xml version="1.0" encoding="UTF-8"?>
<record
    xmlns:xsi="http://www.w3.org/2001/XMLSchema-instance"
    xsi:schemaLocation="http://www.loc.gov/MARC21/slim http://www.loc.gov/standards/marcxml/schema/MARC21slim.xsd"
    xmlns="http://www.loc.gov/MARC21/slim">

  <leader>05441nab a22008777  4500</leader>
  <controlfield tag="003">AR-RoUNA</controlfield>
  <datafield tag="022" ind1=" " ind2=" ">
    <subfield code="a">0327-9022</subfield>
  </datafield>
  <datafield tag="040" ind1=" " ind2=" ">
    <subfield code="a">AR-RoUNA</subfield>
    <subfield code="b">spa</subfield>
  </datafield>
  <datafield tag="041" ind1=" " ind2=" ">
    <subfield code="a">spa</subfield>
  </datafield>
  <datafield tag="044" ind1=" " ind2=" ">
    <subfield code="a">ag</subfield>
  </datafield>
  <datafield tag="245" ind1=" " ind2=" ">
    <subfield code="a">Summa+</subfield>
  </datafield>
  <datafield tag="260" ind1=" " ind2=" ">
    <subfield code="a">Buenos Aires (Argentina):</subfield>
    <subfield code="c">Donn SA,</subfield>
    <subfield code="b">1993.</subfield>
  </datafield>
  <datafield tag="300" ind1=" " ind2=" ">
    <subfield code="a">128 p. :</subfield>
    <subfield code="b">il. byn.</subfield>
    <subfield code="b">planos</subfield>
    <subfield code="c">34X25 cm.</subfield>
  </datafield>
  <datafield tag="505" ind1="0" ind2=" ">
    <subfield code="t">INDICE</subfield>
  </datafield>
  <datafield tag="505" ind1="0" ind2=" ">
    <subfield code="t">EDIFICIOS UNIVERSITARIOS - GIRO HACIA ADELANTE </subfield>
  </datafield>
  <datafield tag="505" ind1="0" ind2=" ">
    <subfield code="a">Fab&#xED;an de la Puente, Ra&#xFA;l Eugenio Pieroni, arqs. Guillermo Raddavero, arqs. Coautor / Edificio Corona del Tornav&#xED;as, Campus Universitario Miguelete Universidad Nacional de General San Martin, Av. 25 de Mayo, alt. calle Francia, General San Martin. p. 4</subfield>
  </datafield>
  <datafield tag="505" ind1="0" ind2=" ">
    <subfield code="t">EDIFICIOS UNIVERSITARIOAS - PROYECCION ACADEMICA </subfield>
  </datafield>
  <datafield tag="505" ind1="0" ind2=" ">
    <subfield code="a">Jorge O. Moscato, Rolando H. Schere / Cine Universitario Tita Merello, Ex talleres ferroviarios de Remedios de Escalada, avda 29 de Septiembre 3901, Lan&#xFA;s, Buenos Aires. p. 12</subfield>
  </datafield>
  <datafield tag="505" ind1="0" ind2=" ">
    <subfield code="t">CONGRESO INTERNACIONAL - PATRIMONIOS</subfield>
  </datafield>
  <datafield tag="505" ind1="0" ind2=" ">
    <subfield code="a">Laura Raffaglio / Una demanda mundial. p. 18</subfield>
  </datafield>
  <datafield tag="505" ind1="0" ind2=" ">
    <subfield code="t">HOTEL - REVITALIZACION EN EL CENTRO - RECICLAJE</subfield>
  </datafield>
  <datafield tag="505" ind1="0" ind2=" ">
    <subfield code="a">Urgell-Penedo-Urgell, Armando Otero / Reciclaje del Hotel Continental, Avda Roque S&#xE1;enz Pe&#xF1;a 725,Buenos Aires. p.20</subfield>
  </datafield>
  <datafield tag="505" ind1="0" ind2=" ">
    <subfield code="t">RECUPERAR EL GRAN SAL&#xD3;N</subfield>
  </datafield>
  <datafield tag="505" ind1="0" ind2=" ">
    <subfield code="a">Redondo &amp; Asociados arquitectos / Plaza Flamingo Mall, Paran&#xE1;, Entre R&#xED;os, 2005. p. 28</subfield>
  </datafield>
  <datafield tag="505" ind1="0" ind2=" ">
    <subfield code="t">EDIFICIOS COMECIALES - POTENCIAR EL PASADO</subfield>
  </datafield>
  <datafield tag="505" ind1="0" ind2=" ">
    <subfield code="a">Aslan y Ezcurra y asociados / Oficinas y Locales para renta, Maip&#xFA; y Tucum&#xE1;n, Buenos Aires, 2005. p. 34</subfield>
  </datafield>
  <datafield tag="505" ind1="0" ind2=" ">
    <subfield code="t">ENSAYO</subfield>
  </datafield>
  <datafield tag="505" ind1="0" ind2=" ">
    <subfield code="a">Claudia Piant&#xE1; Costa Cabral / Una F&#xE1;bula de la t&#xE9;cnica (Archigram). p. 38</subfield>
  </datafield>
  <datafield tag="505" ind1="0" ind2=" ">
    <subfield code="t">CENTRO DE EVENTOS</subfield>
  </datafield>
  <datafield tag="505" ind1="0" ind2=" ">
    <subfield code="a">Florencia Rodr&#xED;guez / El tema es la conciliaci&#xF3;n. p. 44</subfield>
  </datafield>
  <datafield tag="505" ind1="0" ind2=" ">
    <subfield code="a">Jorge Eckstein, Estela Alvarenga, arq. / El Zanj&#xF3;n de Granados, San Telmo, Buenos Aires, 2006. p. 44</subfield>
  </datafield>
  <datafield tag="505" ind1="0" ind2=" ">
    <subfield code="a">Carlos Go&#xF1;i /Reconstruir el vaci.  Wussmann, San Telmo, Buenos Aires, Argentina, 2005. p. 48</subfield>
  </datafield>
  <datafield tag="505" ind1="0" ind2=" ">
    <subfield code="t">STUD, REENCUENTRO Y REUSO</subfield>
  </datafield>
  <datafield tag="505" ind1="0" ind2=" ">
    <subfield code="a">AFRA, Saturnino Armendares, Pablo Ferreiro, Joaqu&#xED;n Leuda / Bar Deriva, Dardo Rocha 2260, Mart&#xED;nez, Buenos Aires, 2004. p. 54</subfield>
  </datafield>
  <datafield tag="505" ind1="0" ind2=" ">
    <subfield code="t">ESQUINA DE BARRIO</subfield>
  </datafield>
  <datafield tag="505" ind1="0" ind2=" ">
    <subfield code="a">BAU Arqs; Gustavo Rangoni, Cecilia Katz, Pablo Betti, Leonardo Elizalde, Gabriela Batlle, arqs. / El Mirador, Rivadavia y Gral Paz, Quilmes, Buenos Aires, 2005. p. 60</subfield>
  </datafield>
  <datafield tag="505" ind1="0" ind2=" ">
    <subfield code="t">ARTE Y CULTURA - EXHIBICION</subfield>
  </datafield>
  <datafield tag="505" ind1="0" ind2=" ">
    <subfield code="a">Natalia M. Ginzburg / Estudio Abierto Centro. Palacio de Correos, Buenos Aires, 2006. p. 66</subfield>
  </datafield>
  <datafield tag="505" ind1="0" ind2=" ">
    <subfield code="a">Mauricio Corbal&#xE1;n / Alto Castillo. p. 70</subfield>
  </datafield>
  <datafield tag="505" ind1="0" ind2=" ">
    <subfield code="a">Ariel Jacubovich / &#xA8;Castillo&#xA8;, Castillo 255, Villa Crespo, Buenos Aires, 2002. p. 70</subfield>
  </datafield>
  <datafield tag="505" ind1="0" ind2=" ">
    <subfield code="t">ESPACIOS DE VIVIENDA</subfield>
  </datafield>
  <datafield tag="505" ind1="0" ind2=" ">
    <subfield code="a">Mat&#xED;as Guerra y Laura Pizone / La cocina del proyecto. PH Triunvirato, Parque Chas, Ciudad de Buenos Aires, 2006. p. 76</subfield>
  </datafield>
  <datafield tag="505" ind1="0" ind2=" ">
    <subfield code="a">Andrea Lanziani y Hern&#xE1;n Barsanti, arqs. / Verdadera magnitud. Casa ASL., Colegiales, Ciudad de Buenos Aires, 2002. p. 78</subfield>
  </datafield>
  <datafield tag="505" ind1="0" ind2=" ">
    <subfield code="a">Tom&#xE1;s Powell / Dise&#xF1;ando Montreal. p. 82</subfield>
  </datafield>
  <datafield tag="505" ind1="0" ind2=" ">
    <subfield code="t">OTRA MIRADA A MONTREAL - VERTIGO EN LAS AULAS</subfield>
  </datafield>
  <datafield tag="505" ind1="0" ind2=" ">
    <subfield code="a">Lapointe Magne et Associ&#xE9;s / Escuela Nacional de Circo, Montreal, Quebec, Canad&#xE1;, 2004. p. 84</subfield>
  </datafield>
  <datafield tag="505" ind1="0" ind2=" ">
    <subfield code="t">RESIDENCIAS TEMPORARIOS PARA EL CIRQUE DU SOLEIL - CONT&#xC1;INERS APILADOS</subfield>
  </datafield>
  <datafield tag="505" ind1="0" ind2=" ">
    <subfield code="a">&#xC9;ric Gauthier - Les Architectes Faucher Aubertin Brodeur Gauthier / 115 Studios, Montreal, Quebec, Canad&#xE1;. p. 86</subfield>
  </datafield>
  <datafield tag="505" ind1="0" ind2=" ">
    <subfield code="t">CONTEXTUALISMO CROM&#xC1;TICO</subfield>
  </datafield>
  <datafield tag="505" ind1="0" ind2=" ">
    <subfield code="a">Les Architectes T&#xE9;treault Parent Languedoc + Saia Barbarese Topouzanov Architectes / Campus Urbano UQAM, Montreal, Quebec. p. 90</subfield>
  </datafield>
  <datafield tag="505" ind1="0" ind2=" ">
    <subfield code="t">UNIVERSIDAD DE MONTREAL - TOPOGRAF&#xCD;A PROGRAM&#xC1;TICA </subfield>
  </datafield>
  <datafield tag="505" ind1="0" ind2=" ">
    <subfield code="a">Desnoyers Mercure et Asoci&#xE9;s, Menker Shooner Dagenais Letourneux architectes, Saia Barbarese Topounazov architectes / Pabell&#xF3;n Lassonde, Montreal, Quebec, 2004. p. 98</subfield>
  </datafield>
  <datafield tag="505" ind1="0" ind2=" ">
    <subfield code="t">UNIVERDAD DE MONTREAL - EL CORAZ&#xD3;N DE LA CIENCIA</subfield>
  </datafield>
  <datafield tag="505" ind1="0" ind2=" ">
    <subfield code="a">Provencher Roy + Associ&#xE9;s Architectes, Les architectes Desnoyers Mercre &amp; Associ&#xE9;s Menk&#xE9;s Shooner Dagenais Architectes / Pabell&#xF3;n J. - Armand - Bombardier, Centro de investigaci&#xF3;n cient&#xED;fica y tecnol&#xF3;gica, Universidad de Montreal y &#xC9;cole Polytechnique de Montreal. p. 104</subfield>
  </datafield>
  <datafield tag="505" ind1="0" ind2=" ">
    <subfield code="t">SUDAFRICA </subfield>
  </datafield>
  <datafield tag="505" ind1="0" ind2=" ">
    <subfield code="a">Florencia Rodr&#xED;guez / Construir juntos, aprender juntos. Est&#xE9;tica y compromiso social. p.108</subfield>
  </datafield>
  <datafield tag="505" ind1="0" ind2=" ">
    <subfield code="a">Rafael E.J.Iglesia y Ana Coretta / Las miradas de Ouro Preto. p. 112</subfield>
  </datafield>
  <datafield tag="505" ind1="0" ind2=" ">
    <subfield code="a">Cayetana Merc&#xE9; / Libros son amores. p. 114</subfield>
  </datafield>
  <datafield tag="505" ind1="0" ind2=" ">
    <subfield code="a">Listos para leer, dise&#xF1;o de libros en Espa&#xF1;a / Exposici&#xF3;n itinerante de libros editados en Espa&#xF1;a entre 2000 y 2005. p.114</subfield>
  </datafield>
  <datafield tag="505" ind1="0" ind2=" ">
    <subfield code="a">Roberto Fern&#xE1;ndez / El exc&#xE9;ntrico Se&#xF1;or Fuksas. p. 123</subfield>
  </datafield>
  <datafield tag="505" ind1="0" ind2=" ">
    <subfield code="t">POST-SCRIPTUM</subfield>
  </datafield>
  <datafield tag="505" ind1="0" ind2=" ">
    <subfield code="a">Trevosr Boddy / Museos vs. Bibliotecas. p.128</subfield>
  </datafield>
  <datafield tag="600" ind1=" " ind2="0">
    <subfield code="9">27314</subfield>
    <subfield code="a">Chalk, Warren</subfield>
    <subfield code="d">1927-1987 </subfield>
  </datafield>
  <datafield tag="650" ind1=" " ind2=" ">
    <subfield code="a">Arquitectura contempor&#xE1;nea</subfield>
  </datafield>
  <datafield tag="650" ind1=" " ind2=" ">
    <subfield code="a">Edificios educativos</subfield>
    <subfield code="9">24358</subfield>
  </datafield>
  <datafield tag="650" ind1=" " ind2=" ">
    <subfield code="a">Edificios comerciales</subfield>
    <subfield code="9">3537</subfield>
  </datafield>
  <datafield tag="650" ind1=" " ind2=" ">
    <subfield code="a">Hoteles</subfield>
    <subfield code="9">746</subfield>
  </datafield>
  <datafield tag="650" ind1=" " ind2=" ">
    <subfield code="a">Pabellones universitarios</subfield>
    <subfield code="9">27315</subfield>
  </datafield>
  <datafield tag="650" ind1=" " ind2=" ">
    <subfield code="a">Universidades</subfield>
    <subfield code="9">3804</subfield>
  </datafield>
  <datafield tag="651" ind1=" " ind2="4">
    <subfield code="a">Montreal (Canad&#xE1;)</subfield>
    <subfield code="9">102</subfield>
  </datafield>
  <datafield tag="773" ind1="0" ind2=" ">
    <subfield code="a">Summa+</subfield>
    <subfield code="d">Buenos Aires, Argentina</subfield>
    <subfield code="g">N&#xBA;85 (feb-2007), p.192</subfield>
    <subfield code="x">0327-9022</subfield>
  </datafield>
  <datafield tag="908" ind1=" " ind2=" ">
    <subfield code="a">Imp</subfield>
  </datafield>
  <datafield tag="942" ind1=" " ind2=" ">
    <subfield code="2">udc</subfield>
    <subfield code="c">ART</subfield>
  </datafield>
  <datafield tag="945" ind1=" " ind2=" ">
    <subfield code="d">2022-07-08</subfield>
  </datafield>
  <datafield tag="980" ind1=" " ind2=" ">
    <subfield code="6">138</subfield>
    <subfield code="a">Carolina Rainero</subfield>
    <subfield code="8">5</subfield>
    <subfield code="g">Mar&#xED;a Machado</subfield>
  </datafield>
  <datafield tag="999" ind1=" " ind2=" ">
    <subfield code="c">12053</subfield>
    <subfield code="d">12053</subfield>
  </datafield>
  <datafield tag="952" ind1=" " ind2=" ">
    <subfield code="0">0</subfield>
    <subfield code="1">0</subfield>
    <subfield code="2">udc</subfield>
    <subfield code="4">0</subfield>
    <subfield code="7">0</subfield>
    <subfield code="a">AR-RoUNA</subfield>
    <subfield code="b">AR-RoUNA</subfield>
    <subfield code="c">Heme</subfield>
    <subfield code="d">2025-07-30</subfield>
    <subfield code="e">Don</subfield>
    <subfield code="l">0</subfield>
    <subfield code="p">1002703</subfield>
    <subfield code="r">2025-07-30</subfield>
    <subfield code="t">ej. 1</subfield>
    <subfield code="w">2025-07-30</subfield>
    <subfield code="y">ART</subfield>
    <subfield code="k">K6</subfield>
    <subfield code="x"></subfield>
  </datafield>
</record>
